| 000 | 00000nam##2200000za#4500 |
| 001 | 9.600978 |
| 003 | CaOODSP |
| 005 | 20220901164721 |
| 007 | cr ||||||||||| |
| 008 | 150406|1995||||xxc|||||o f|0| 0 fre|d |
| 040 | |aCaOODSP|bfre |
| 043 | |an-cn--- |
| 086 | 1 |aJ3-8/1995-4F-PDF |
| 110 | 1 |aCanada.|bJustice Canada. |bAucun équivalent français. |
| 245 | 10|aRèglement sur les pièces pyrotechniques à l'usage des consommateurs : |h[ressource électronique]|brapport final / |c[par] Shelley Trevethan, Wendy Gordon et marie-Andrée Roy. |
| 260 | |aOttawa - Ontario : |bJustice Canada. |c1995. |
| 300 | |a27p. |
| 490 | 1 |aDocument de travail|vWD1995-4f |
| 590 | |a11-08-Supp|b2011-06-16 |
| 720 | 1 |aTrevethan, Shelley |
| 720 | 1 |aGordon, Wendy |
| 720 | 1 |aRoy, Marie-Andrée |
| 775 | 08|tConsumer fireworks regulations : |w(CaOODSP)9.570230 |
| 830 | #0|aDocument de travail ;|vWD1995-4f|w(CaOODSP)9.502069 |
| 856 | 40|ahttp://publications.gc.ca|qPDF|s71 Ko|uhttps://publications.gc.ca/collections/collection_2011/jus/J3-8-1995-4-fra.pdf|yWD1995-4f |